Linear Algebra And Its Applications (Record no. 24774)
[ view plain ]
| 000 -LEADER | |
|---|---|
| fixed length control field | 00341nam a22001097a 4500 |
| 008 - FIXED-LENGTH DATA ELEMENTS--GENERAL INFORMATION | |
| fixed length control field | 150401b xxu||||| |||| 00| 0 eng d |
| 020 ## - INTERNATIONAL STANDARD BOOK NUMBER | |
| International Standard Book Number | 978-81-315-0172-6 |
| Terms of availability | Available |
| 082 ## - DEWEY DECIMAL CLASSIFICATION NUMBER | |
| Classification number | 517STR |
| Author Mark | 002851 |
| 245 ## - TITLE STATEMENT | |
| Title | Linear Algebra And Its Applications |
| Statement of responsibility, etc. | Strang Gilbert |
| Medium | English |
| 250 ## - EDITION STATEMENT | |
| Edition statement | Forth Edition |
| 260 ## - PUBLICATION, DISTRIBUTION, ETC. | |
| Place of publication, distribution, etc. | Delhi India |
| Name of publisher, distributor, etc. | Cengage Learning |
| Date of publication, distribution, etc. | 2006 |
| Withdrawn status | Lost status | Source of classification or shelving scheme | Damaged status | Not for loan | Permanent Location | Current Location | Shelving location | Date acquired | Total Checkouts | Full call number | Barcode | Checked out | Date last seen | Date last checked out | Price effective from | Koha item type |
|---|---|---|---|---|---|---|---|---|---|---|---|---|---|---|---|---|
| School of Interdisciplinary Engineering and Sciences (SINES) | School of Interdisciplinary Engineering and Sciences (SINES) | General Stacks | 05/26/2015 | 4 | 517STR | RCMS002851 | 10/31/2019 | 10/01/2019 | 10/01/2019 | 05/26/2015 | Book |
